[Event "Final Campeonato de Chile 2009-2010"]
[Site "Club de Ajedrez "]
[Date "2010-02-22"]
[Round "6"]
[White "López Silva, Hugo Andres"]
[Black "Egger Mancilla, Jorge Alejandro"]
[Result "1-0"]
[WhiteElo "2412"]
[BlackElo "2443"]

 1.e4 c5 2.Nf3 e6 3.d4 cxd4 4.Nxd4 a6 5.Nc3 Qc7 6.g3 Bb4 7.Bd2 Nc6 8.Nxc6 bxc6 9.Bg2 Nf6 10.O-O Be7 11.Re1 e5 12.Na4 O-O 13.c4 c5 14.f4 d6 15.f5 Nd7 16.Rf1 Nb8 17.Nc3 Qd8 18.Nd5 Bf6 19.Qg4 Kh8 20.Qh5 Ra7 21.g4 g6 22.Qh3 Rg8 23.fxg6 Rxg6 24.Rxf6 Rxf6 25.Ba5 Qxa5 26.Nxf6 Kg7 27.Qxh7+

[Event "Final Campeonato de Chile 2009-2010"]
[Site "Club de Ajedrez "]
[Date "2010-02-22"]
[Round "6"]
[White "Valdés Escobar, Álvaro Daniel"]
[Black "Vasquez Schroder, Rodrigo"]
[Result "0-1"]
[WhiteElo "2361"]
[BlackElo "2506"]

 1.e4 e5 2.Nf3 d6 3.d4 Nf6 4.Nc3 Nbd7 5.Be2 Be7 6.O-O O-O 7.Re1 c6 8.a4 b6 9.b3 a6 10.Bb2 Bb7 11.Bf1 Re8 12.g3 b5 13.Bg2 Qb6 14.dxe5 dxe5 15.Qe2 Bc5 16.h3 Nh5 17.Kf1 Rad8 18.Red1 g6 19.h4 Bd4 20.b4 Ndf6 21.Rd3 Bc8 22.Nd1 Bg4 23.a5 Qa7 24.c3 Nxe4 25.Qxe4 Bxf2 26.Nd4 exd4 27.Qxg4 dxc3 28.Rxd8 Rxd8 29.Nxf2 cxb2 30.Rb1 Qe3 31.Qf3 Qc1+

[Event "Final Campeonato de Chile 2009-2010"]
[Site "Club de Ajedrez "]
[Date "2010-02-22"]
[Round "6"]
[White "Calvo Salas, Pablo"]
[Black "García Cardenas, Pablo"]
[Result "0-1"]
[WhiteElo "2305"]
[BlackElo "2324"]

 1.e4 c6 2.d4 d5 3.exd5 cxd5 4.c4 Nf6 5.Nc3 e6 6.Nf3 Be7 7.cxd5 Nxd5 8.Bd3 Nc6 9.O-O O-O 10.Re1 Nf6 11.a3 b6 12.Bc2 Bb7 13.Qd3 g6 14.Bh6 Re8 15.Rad1 Rc8 16.Ba4 a6 17.Ne5 b5 18.Nxf7 Kxf7 19.Bb3 Bf8 20.Rxe6 Rxe6 21.Bxf8 Nxd4 22.Qxd4 Qxd4 23.Rxd4 Bd5

[Event "Final Campeonato de Chile 2009-2010"]
[Site "Club de Ajedrez "]
[Date "2010-02-23"]
[Round "7"]
[White "Egger Mancilla, Jorge Alejandro"]
[Black "Valdés Escobar, Álvaro Daniel"]
[Result "1-0"]
[WhiteElo "2443"]
[BlackElo "2361"]

 1.e4 c5 2.Nf3 d6 3.d4 cxd4 4.Nxd4 Nf6 5.Nc3 Nc6 6.Bg5 e6 7.Qd2 a6 8.O-O-O h6 9.Be3 Be7 10.f3 Nxd4 11.Qxd4 b5 12.Kb1 Qa5 13.Qb6 Qxb6 14.Bxb6 Bb7 15.Bd3 Rc8 16.Bf2 Nd7 17.Rhe1 Ne5 18.Bf1 O-O 19.Ne2 Nc4 20.Nd4 Bf6 21.Bg3 Rfd8 22.c3 Be7 23.Nc2 Nb6 24.Ne3 Na4 25.Bd3 Nc5 26.Bc2 a5 27.Rd4 h5 28.Red1 Rc6 29.e5 d5 30.Bh4 Bxh4 31.Rxh4 g6 32.g4 hxg4 33.Nxg4 Nd7 34.f4 Kg7 35.Bd3 Ba6 36.Ne3 Nc5 37.Nc2 Nxd3 38.Rxd3 b4 39.Rdh3 bxc3 40.Nd4 Rcc8 41.Nxe6+

[Event "Final Campeonato de Chile 2009-2010"]
[Site "Club de Ajedrez "]
[Date "2010-02-23"]
[Round "7"]
[White "Salinas Herrera, Pablo Patricio"]
[Black "López Silva, Hugo Andres"]
[Result "0-1"]
[WhiteElo "2207"]
[BlackElo "2412"]

 1.d4 Nf6 2.c4 g6 3.Nc3 Bg7 4.e4 d6 5.Be2 c5 6.dxc5 Qa5 7.Bd2 Qxc5 8.Rc1 O-O 9.b4 Qc7 10.Nd5 Qd8 11.Bd3 Nc6 12.h3 Nxd5 13.exd5 Ne5 14.Bb1 e6 15.Ne2 Qh4 16.Qb3 exd5 17.cxd5 Re8 18.O-O b5 19.Rcd1 Nc4 20.Bd3 Bxh3 21.Bf4 Bd7 22.Bg3 Qg4 23.Nc3 Ne3 24.Be2 Qg5 25.fxe3 Qxg3 26.Rf3 Qg5 27.Nxb5 Bxb5 28.Bxb5 Re4 29.Bc6 Rb8 30.a3 Be5 31.Rh3 Qg4 32.Rf1 Qe2 33.Qd1 Qb2 34.Qf3 f5 35.Qf2 Qxa3 36.b5 a6 37.bxa6 Qxa6 38.Qc2 Rb2 39.Qd1 Rg4 40.Rf2 Rxf2 41.Kxf2 Qa2+

[Event "Final Campeonato de Chile 2009-2010"]
[Site "Club de Ajedrez "]
[Date "2010-02-23"]
[Round "7"]
[White "Carrasco Miranda, Andres"]
[Black "Páez Medina, Guillermo Alejandro"]
[Result "1-0"]
[WhiteElo "2183"]
[BlackElo "2086"]

 1.Nf3 Nf6 2.c4 g6 3.g3 Bg7 4.Bg2 O-O 5.O-O d6 6.Nc3 Nc6 7.Rb1 Bg4 8.b4 Qc8 9.Re1 Bxf3 10.exf3 e5 11.d3 a6 12.a4 Nd7 13.Nd5 Qd8 14.Be3 Ne7 15.Nxe7+ Qxe7 16.f4 c6 17.b5 axb5 18.axb5 Rfc8 19.bxc6 bxc6 20.Rb7 f5 21.c5 Qe6 22.cxd6 Ra3 23.fxe5 Bxe5 24.Bf4 Qxd6 25.Rxd7 Qxd7 26.Bxe5 Rxd3 27.Qc1 Rd8 28.Bxc6 Qe7 29.Bb5 Rd2 30.Bc4+ Kf8 31.Bf4 Qxe1+ 32.Qxe1

[Event "Final Campeonato de Chile 2009-2010"]
[Site "Club de Ajedrez "]
[Date "2010-02-23"]
[Round "7"]
[White "Alarcon Bahamondes, Roberto"]
[Black "Rios Escobar, Adan Humberto"]
[Result "0-1"]
[WhiteElo "2154"]
[BlackElo "2305"]

 1.e4 g6 2.c4 Bg7 3.g3 d6 4.Bg2 Nf6 5.Ne2 O-O 6.O-O e5 7.Nbc3 c6 8.d3 a6 9.h3 b5 10.Be3 Re8 11.g4 h5 12.g5 Nfd7 13.Qd2 Nf8 14.f4 exf4 15.Nxf4 Nbd7 16.cxb5 axb5 17.d4 Nb6 18.b3 Ne6 19.Nd3 Nc7 20.d5 c5 21.e5 Bf5 22.Rae1 b4 23.Ne4 Bxe4 24.Bxe4 Bxe5 25.Nxe5 Rxe5 26.Bf4 Nd7 27.Bxe5 Nxe5 28.Bg2 Nb5 29.Qf2 Qf8 30.Rxe5 dxe5 31.d6 Rc8 32.Bd5 Nxd6 33.Qf6 Kh7 34.Bxf7 Nxf7 35.Qxf7+ Qxf7 36.Rxf7+ Kg8 37.Rf2 Rd8 38.Rc2 Rd5 39.Kf2 Kf7 40.Ke3 Ke6 41.Rf2 Rd6 42.Rc2 Kf5 43.Rxc5 Rd4 44.Rc4 Kxg5 45.Rxd4 exd4+ 46.Kxd4 Kf4 47.Kc4 g5 48.Kxb4 g4 49.hxg4 h4 50.a4 h3 51.Kc5 h2 52.a5 h1=Q 53.a6 Qg1+ 54.Kb5 Ke5 55.b4 Kd6 56.Ka5 Kc6 57.b5+ Kc5

[Event "Final Campeonato de Chile 2009-2010"]
[Site "Club de Ajedrez "]
[Date "2010-02-23"]
[Round "7"]
[White "Romero Araya, Diego Alonso"]
[Black "Mesias Rojas, Rabindranath"]
[Result "1/2-1/2"]
[WhiteElo "2273"]
[BlackElo "2168"]

 1.e4 e5 2.Nf3 Nf6 3.Nxe5 d6 4.Nf3 Nxe4 5.d4 d5 6.Bd3 Nc6 7.O-O Be7 8.c4 Nb4 9.Be2 O-O 10.Nc3 Bf5 11.a3 Nxc3 12.bxc3 Nc6 13.Re1 Re8 14.Bf4 dxc4 15.Bxc4 Bd6 16.Rxe8+ Qxe8 17.Ng5 Bg6 18.Bxd6 cxd6 19.h4 Qe7 20.Qg4 h6 21.Nh3 Qe4 22.Qxe4 Bxe4 23.Re1 Bf5 24.Nf4 Kf8 25.f3 Rc8 26.g4 Bd7 27.Rb1 Na5 28.Bb5 Bxb5 29.Rxb5 b6 30.Ne2 Rc4 31.Rb4 Rc8 32.Kf2 Ke7 33.Ke3 d5 34.Kd3 Kd6 35.Ng3 g6 36.a4 Re8 37.Rb2 Re3+ 38.Kxe3 Nc4+ 39.Kd3 Nxb2+ 40.Kc2 Nxa4 41.Kb3 b5 42.Kb4 a6 43.Ne2 Kc6 44.Nf4 Nb2 45.h5 gxh5 46.Nxh5 Nc4 47.Nf6 a5+ 48.Kb3 Nd2+ 49.Kc2 Nxf3 50.Ng8 Nh2 51.Nxh6 f6 52.Kb3 Kd7 53.Ka3 Ke6 54.Kb3 Nf1 55.Nf5 Nd2+ 56.Kc2 Ne4 57.Ng7+ Kd7 58.Nf5 Nf2 59.Ne3 Kc6 60.Kb3 Ne4 61.Nf5 Kd7 62.Ne3 Ke6 63.Nf5 Nd2+ 64.Kc2 Nc4 65.Kb3 Kf7 66.Kc2 a4 67.Kb1 Ke6 68.Kc2 Kd7 69.Kb1 Nd6 70.Ne3 Kc6 71.Kc2 Ne4 72.Kb2 Ng5 73.Nf5 Ne4 74.Ne3 a3+ 75.Kxa3 Nxc3 76.Kb4 Ne2 77.Nf5 Nf4 78.Ne7+ Kd6 79.Ng8 Ne2 80.Nxf6 Nxd4 81.g5 Ke6 82.Kc5 Nb3+ 83.Kxb5

[Event "Final Campeonato de Chile 2009-2010"]
[Site "Club de Ajedrez "]
[Date "2010-02-24"]
[Round "8"]
[White "Rios Escobar, Adan Humberto"]
[Black "Romero Araya, Diego Alonso"]
[Result "0-1"]
[WhiteElo "2305"]
[BlackElo "2273"]

 1.e4 c6 2.d4 d5 3.e5 c5 4.Nf3 Nc6 5.c4 cxd4 6.Nxd4 e6 7.Nc3 Bb4 8.Nxc6 bxc6 9.Qa4 Rb8 10.cxd5 exd5 11.Qxc6+ Kf8 12.Bd2 Ne7 13.Qa4 Bd7 14.Qd1 Qc7 15.f4 d4 16.Ne4 Nd5 17.Bxb4+ Rxb4 18.Qd2 Qb6 19.b3 Ne3 20.Bd3 Bf5 21.Rc1 a5 22.Nc5 Bg4 23.Be4 Ke7 24.a3 Rc4 25.Rxc4 Nxc4 26.Qxd4 Rd8 27.Qxc4 Rd1+ 28.Kf2 Rxh1 29.Kg3 Be2 30.Qc3 Rf1 31.h3 h5 32.Qe3 Bb5 33.b4 axb4 34.axb4 Qh6 35.Nd3 h4+ 36.Kh2 Qa6 37.Qc5+ Ke8 38.e6 fxe6 39.Bg6+ Kd8 40.Qf8+ Kc7 41.Qxg7+ Bd7 42.Qxd7+ Kxd7 43.Nc5+ Kc6 44.Nxa6 Rxf4 45.Be8+ Kb6 46.Nc5 e5 47.Bg6 Rxb4 48.Nd7+ Kc7 49.Nxe5 Kd6 50.Nf3 Ke6 51.Bh5 Kf6 52.Bg4 Rb2 53.Nxh4 Kg5 54.Kg3 Rb8 55.Nf3+ Kg6 56.h4 Kh6 57.Bf5 Kh5 58.Kf4 Kh6 59.g4 Kg7 60.g5 Kh8 61.h5 Kg7 62.h6+ Kh8 63.g6 Rb7 64.Kg5 Rc7 65.Ne5 Ra7 66.Kf6 Rh7 67.g7+

[Event "Final Campeonato de Chile 2009-2010"]
[Site "Club de Ajedrez "]
[Date "2010-02-24"]
[Round "8"]
[White "Páez Medina, Guillermo Alejandro"]
[Black "Alarcon Bahamondes, Roberto"]
[Result "0-1"]
[WhiteElo "2086"]
[BlackElo "2154"]

 1.e4 c6 2.Nf3 d5 3.exd5 cxd5 4.Ne5 Nd7 5.d4 e6 6.Bd3 Bd6 7.f4 Ngf6 8.Nd2 O-O 9.c3 Ne8 10.O-O Bc7 11.Ndf3 Ndf6 12.Bd2 Nd6 13.Be1 Nfe4 14.Bh4 f6 15.Ng4 Nf5 16.Qe1 h5 17.Nf2 Nxf2 18.Bxf2 Bxf4 19.Qe2 Qc7 20.g3 Bh6 21.Ne1 g6 22.g4 hxg4 23.Qxg4 Qg7 24.Qf3 Qe7 25.Qh3 Bf4 26.Ng2 Bd6 27.Nh4 Nxh4 28.Bxh4 g5 29.Bxg5 Qg7 30.Kh1 fxg5 31.Rxf8+ Bxf8 32.Rf1 Be7 33.Bb5 Bf6 34.Qh5 Bd7 35.Bxd7 Qxd7 36.h4 Qh7 37.Qg4 Kf7

[Event "Final Campeonato de Chile 2009-2010"]
[Site "Club de Ajedrez "]
[Date "2010-02-24"]
[Round "8"]
[White "López Silva, Hugo Andres"]
[Black "Carrasco Miranda, Andres"]
[Result "1-0"]
[WhiteElo "2412"]
[BlackElo "2183"]

 1.a3 d5 2.d4 Nf6 3.c4 c6 4.e3 g6 5.Nc3 Bg7 6.Nf3 O-O 7.Bd3 a6 8.O-O b5 9.cxd5 cxd5 10.Bd2 Bg4 11.Rc1 Nbd7 12.h3 Bxf3 13.Qxf3 Nb6 14.b3 Qd6 15.a4 b4 16.Na2 a5 17.Rc5 Nfd7 18.Rxa5 Rxa5 19.Bxb4 Rc5 20.dxc5 Nxc5 21.Bb5 d4 22.Rc1 Rc8 23.e4 Qe5 24.a5 Nxe4 25.axb6 Rxc1+ 26.Nxc1 Qxb5 27.Qxe4 Qxb4 28.Qa8+ Bf8 29.b7 Qe1+ 30.Kh2 Qe5+ 31.g3 d3 32.Nxd3

[Event "Final Campeonato de Chile 2009-2010"]
[Site "Club de Ajedrez "]
[Date "2010-02-24"]
[Round "8"]
[White "Valdés Escobar, Álvaro Daniel"]
[Black "Salinas Herrera, Pablo Patricio"]
[Result "1/2-1/2"]
[WhiteElo "2361"]
[BlackElo "2207"]

 1.c4 c6 2.Nf3 Nf6 3.d4 d5 4.e3 e6 5.Nc3 Nbd7 6.Bd3 dxc4 7.Bxc4 b5 8.Bd3 b4 9.Ne4 Be7 10.O-O Bb7 11.b3 O-O 12.Bb2 c5 13.Nxf6+ Bxf6 14.Qe2 cxd4 15.Nxd4 e5 16.Nf5 Nc5 17.Bc4 Qc7 18.Rfd1 Rad8 19.Rxd8 Rxd8 20.Rd1 Bc8 21.Ng3 g6 22.Qe1 Rxd1 23.Qxd1 Bb7 24.Qd2

[Event "Final Campeonato de Chile 2009-2010"]
[Site "Club de Ajedrez "]
[Date "2010-02-24"]
[Round "8"]
[White "Calvo Salas, Pablo"]
[Black "Egger Mancilla, Jorge Alejandro"]
[Result "0-1"]
[WhiteElo "2305"]
[BlackElo "2443"]

 1.e4 c5 2.Nf3 d6 3.d4 cxd4 4.Nxd4 Nf6 5.Nc3 a6 6.Bg5 e6 7.f4 Nbd7 8.Bc4 b5 9.Bxe6 fxe6 10.Nxe6 Qa5 11.Nxf8 Rxf8 12.Qxd6 Qb6 13.O-O-O Qxd6 14.Rxd6 Nc5 15.Re1 h6 16.Bh4 Kf7 17.e5 Ne8 18.Rd5 Na4 19.Nxa4 bxa4 20.Rd4 a3 21.bxa3 Nc7 22.h3 Kg8 23.Bg3 Ne6 24.Rc4 Bb7 25.Re2 Bd5 26.Ra4 Bc6 27.Rb4 a5 28.Rb6 Rac8 29.Rf2 Nc5 30.Bh2 Ba4 31.Rd2 Ne4 32.Re2 Rc4 33.g4 Rfc8 34.Rb2 Nc5 35.Kd2 Ne6 36.f5 Nd4 37.Rf2 Nxc2 38.e6 Rd8+ 39.Ke2 Re4+ 40.Kf1 Ne3+ 41.Ke2 Bd1+ 42.Ke1 Nxg4+ 43.Kf1 Nxf2 44.Rxf2

[Event "Final Campeonato de Chile 2009-2010"]
[Site "Club de Ajedrez "]
[Date "2010-02-24"]
[Round "8"]
[White "García Cardenas, Pablo"]
[Black "Vasquez Schroder, Rodrigo"]
[Result "0-1"]
[WhiteElo "2324"]
[BlackElo "2506"]

 1.e4 c5 2.Nf3 d6 3.d4 cxd4 4.Nxd4 Nf6 5.Nc3 a6 6.Be3 e6 7.g4 h6 8.h3 b5 9.Bg2 Bb7 10.Qe2 Nbd7 11.a3 Rc8 12.Rd1 g5 13.O-O Ne5 14.f4 gxf4 15.Bxf4 Nfd7 16.Qf2 Bg7 17.Nce2 Qc7 18.Ng3 Rh7 19.Nh5 Bh8 20.c3 Nc5 21.Bxe5 Bxe5 22.Nf6+ Bxf6 23.Qxf6 Qe7 24.e5 Qxf6 25.exf6 Bxg2 26.Kxg2 Kd7 27.Ne2 Rg8 28.Kf3 h5 29.Nf4 hxg4+ 30.hxg4 Rh4 31.Rg1 e5 32.Nd5 e4+ 33.Ke3 Rh3+ 34.Kd4 Rg5 35.Nf4 Nb3+

[Event "Final Campeonato de Chile 2009-2010"]
[Site "Club de Ajedrez "]
[Date "2010-02-25"]
[Round "9"]
[White "Egger Mancilla, Jorge Alejandro"]
[Black "García Cardenas, Pablo"]
[Result "1-0"]
[WhiteElo "2443"]
[BlackElo "2324"]

 1.e4 c6 2.d4 d5 3.Nd2 dxe4 4.Nxe4 Nd7 5.Bc4 Ngf6 6.Ng5 e6 7.Qe2 Nb6 8.Bd3 h6 9.N5f3 c5 10.dxc5 Bxc5 11.Bd2 O-O 12.O-O-O Qc7 13.Nh3 Nbd7 14.Rde1 a6 15.g4 Nxg4 16.Rhg1 Ndf6 17.Ne5 Qxe5 18.Qxe5 Nxe5 19.Rxe5 Bd4 20.Bxh6 Ng4 21.Bxg7 f5 22.Rxf5 exf5 23.Bxd4 Kf7 24.Ng5+ Ke8 25.Re1+ Kd8 26.f3 Nf6 27.Bb6+ Kd7 28.Bc5 Re8 29.Bxf5+ Kc6 30.Rxe8 Nxe8 31.Bxc8 Rxc8 32.Be3 Nd6 33.b3 b5 34.c3 Kd5 35.Kd2 Nf5 36.Bf4 Rh8 37.Kd3 Rh4 38.c4+ Kc5 39.cxb5 axb5 40.a4 Kb4 41.Bd2+ Kxb3 42.axb5 Rxh2 43.Bf4 Rh4 44.Ne6 Ne7 45.b6 Nd5 46.Bg3 Nb4+ 47.Ke2 Rh8 48.b7 Nc6 49.Nc5+ Kc4 50.Nd7 Re8+ 51.Kf2 Kd3 52.Ne5+

[Event "Final Campeonato de Chile 2009-2010"]
[Site "Club de Ajedrez "]
[Date "2010-02-25"]
[Round "9"]
[White "Alarcon Bahamondes, Roberto"]
[Black "López Silva, Hugo Andres"]
[Result "0-1"]
[WhiteElo "2154"]
[BlackElo "2412"]

 1.e4 e5 2.Nf3 Nc6 3.d4 exd4 4.Nxd4 Bc5 5.Nf5 Qf6 6.Nc3 Nge7 7.Ne3 d6 8.g3 O-O 9.Bg2 Qg6 10.O-O Bb6 11.Ned5 Nxd5 12.Nxd5 f5 13.Be3 Qf7 14.Bxb6 axb6 15.f4 fxe4 16.Bxe4 Ra4 17.b4 Kh8 18.c3 Ra3 19.Qc1 Ra8 20.Qc2 Bh3 21.Rfe1 Rae8 22.c4 Bf5 23.Bxf5 Nd4 24.Qc3 Nxf5 25.Rxe8 Rxe8 26.Re1 Rxe1+ 27.Qxe1 b5 28.Qe4 c6 29.Nb6 bxc4 30.Nxc4 h5 31.Ne3 Nxe3 32.Qxe3 Qg6 33.a3 Qb1+ 34.Kg2 Qc2+ 35.Kh3 Qf5+ 36.Kg2 d5 37.Qe7 Qc2+ 38.Kh3 Qf5+ 39.Kg2 Qc2+ 40.Kh3 Qf5+ 41.Kg2 Kh7 42.Qxb7 Qe4+ 43.Kf2 d4 44.Qb6 Qc2+ 45.Ke1 Qc1+ 46.Ke2 Qc2+ 47.Ke1 Qc3+ 48.Kd1 Qf3+ 49.Ke1 Qe4+ 50.Kf2 Qe3+ 51.Kf1 Qf3+ 52.Ke1 Qh1+ 53.Ke2 Qxh2+ 54.Kd1 Qg1+ 55.Kd2 Qe3+ 56.Kd1 Qd3+ 57.Kc1 Qxa3+ 58.Kd1 Qd3+ 59.Kc1 Qc3+ 60.Kd1 d3 61.Qe3 Qb3+ 62.Ke1 Qxb4+ 63.Kf2 Qb2+ 64.Kg1 Qb1+ 65.Kh2 Qc2+ 66.Kg1 d2

[Event "Final Campeonato de Chile 2009-2010"]
[Site "Club de Ajedrez "]
[Date "2010-02-25"]
[Round "9"]
[White "Salinas Herrera, Pablo Patricio"]
[Black "Calvo Salas, Pablo"]
[Result "1-0"]
[WhiteElo "2207"]
[BlackElo "2305"]

 1.e4 e5 2.Nf3 Nc6 3.Bc4 Be7 4.O-O Nf6 5.d3 O-O 6.c3 d5 7.exd5 Nxd5 8.Re1 Bg4 9.h3 Bh5 10.Nbd2 Kh8 11.Qb3 Na5 12.Qc2 f6 13.Bxd5 Qxd5 14.d4 Nc6 15.dxe5 fxe5 16.Qb3 Qxb3 17.axb3 Bd6 18.b4 a6 19.Ng5 Rae8 20.Nge4 Bf7 21.Nf1 h6 22.Nfg3 Rd8 23.Be3 Rfe8 24.Bc5 Be6 25.Rad1 Bf8 26.Bxf8 Rxf8 27.Nc5 Bc8 28.f3 Kg8 29.Kf2 Kf7 30.Nd3 Kf6 31.Ne4+ Ke7 32.g4 b6 33.Re3 Be6 34.Rde1 Bc4 35.Nc1 Rd7 36.Kg3 Kd8 37.b3 Bd5 38.Nd2 Be6 39.Nd3 Kc8 40.Nc4 Bxc4 41.bxc4 e4 42.fxe4 Rfd8 43.Nf4 Ne5 44.c5 bxc5 45.Ne6 Re8 46.Nxc5 Rd6 47.Ra1 Nc4 48.Re2 a5 49.e5 Rb6 50.Re4 axb4 51.Ra8+ Rb8 52.Rxb8+ Kxb8 53.Rxc4 bxc3 54.Rxc3

[Event "Final Campeonato de Chile 2009-2010"]
[Site "Club de Ajedrez "]
[Date "2010-02-25"]
[Round "9"]
[White "Carrasco Miranda, Andres"]
[Black "Valdés Escobar, Álvaro Daniel"]
[Result "0-1"]
[WhiteElo "2183"]
[BlackElo "2361"]

 1.Nf3 c5 2.c4 Nc6 3.Nc3 g6 4.g3 Bg7 5.Bg2 e6 6.O-O Nge7 7.d4 Nxd4 8.Nxd4 cxd4 9.Nb5 Qb6 10.e3 d5 11.Qe2 Bd7 12.Nxd4 dxc4 13.Rd1 e5 14.Nc2 Be6 15.Bd2 O-O 16.Bb4 Rfe8 17.Rd6 Qc7 18.Na3 a6 19.Rc1 Rac8 20.b3 Nf5 21.Rxe6 Rxe6 22.Bd5 Ree8 23.Rxc4 Qd7 24.Qf3 Rb8 25.Ba5 Rec8 26.Rxc8+ Qxc8 27.Nc4 b5 28.Bxf7+ Kh8 29.Nb6 Qc7 30.Be6 Qd6 31.Nd7 Re8 32.Bxf5 gxf5 33.Qxf5 e4 34.Nb6 Qd1+ 35.Kg2 Qc2 36.Bb4 Qxa2 37.Qf7 Rg8 38.Nd7 Qe2 39.Be7 Qf3+ 40.Qxf3 exf3+ 41.Kxf3 a5 42.Ke2 Rc8 43.Nb6 Rc2+ 44.Kd3 Rc3+ 45.Ke4 Rxb3 46.f4 a4 47.f5 a3 48.f6 a2 49.fxg7+ Kxg7 50.Bc5 Rb4+ 51.Bxb4 a1=Q 52.Nd5 Qb1+ 53.Ke5 Qb2+ 54.Kf4 Qxh2 55.e4 Qf2+ 56.Kg4 h5+ 57.Kxh5 Qxg3 58.Nc3 Kf6 59.Nd5+ Ke6 60.Nc3 Qg2 61.Kh6 Kf6 62.Nd5+ Kf7

[Event "Final Campeonato de Chile 2009-2010"]
[Site "Club de Ajedrez "]
[Date "2010-02-25"]
[Round "9"]
[White "Romero Araya, Diego Alonso"]
[Black "Páez Medina, Guillermo Alejandro"]
[Result "1/2-1/2"]
[WhiteElo "2273"]
[BlackElo "2086"]

 1.e4 e5 2.Nf3 Nc6 3.Bb5 a6 4.Ba4 Nf6 5.O-O Nxe4 6.d4 b5 7.Bb3 d5 8.dxe5 Be6 9.Nbd2 Nc5 10.c3 d4 11.Bxe6 Nxe6 12.cxd4 Ncxd4 13.a4 Be7 14.axb5 axb5 15.Rxa8 Qxa8 16.Nxd4 Nxd4 17.Qg4 Ne6 18.f4 Qd5 19.Kh1 h5 20.Qh3 h4 21.Nb1 Qc4 22.Rd1 Qc2 23.Qd3 Qxd3 24.Rxd3 Nc5 25.Rd1 h3 26.Nc3 hxg2+ 27.Kxg2 c6 28.Be3 O-O 29.Bxc5 Bxc5 30.Ne4 Bb6 31.Rd6 Rc8 32.Ng5 Be3 33.Kf3 Bc1 34.b3 c5 35.Rd7 c4 36.bxc4 bxc4 37.Nxf7 Ba3 38.Nd6 Bxd6 39.exd6 Rc6 40.Rd8+ Kh7 41.d7 Rd6 42.Ke4 c3 43.Ke5 c2 44.Rc8 Rxd7 45.Rxc2 Ra7 46.Kf5 Ra6 47.Re2 Rb6 48.h4 Ra6 49.h5 Rb6 50.Kg5 Ra6 51.f5 Ra1 52.Re4 Rg1+ 53.Kf4 Rh1 54.Re7 Rf1+ 55.Ke5 Re1+ 56.Kd6 Rf1 57.Ke6 Re1+ 58.Kf7 Rf1 59.Re5 Rf2 60.Ke6 Rf1 61.Re3 Rh1 62.f6 gxf6 63.Kxf6 Rxh5 64.Re7+ Kh6 65.Re8 Kh7

[Event "Final Campeonato de Chile 2009-2010"]
[Site "Club de Ajedrez "]
[Date "2010-02-25"]
[Round "9"]
[White "Mesias Rojas, Rabindranath"]
[Black "Rios Escobar, Adan Humberto"]
[Result "1/2-1/2"]
[WhiteElo "2168"]
[BlackElo "2305"]

 1.d4 Nf6 2.c4 e6 3.Nc3 d5 4.cxd5 exd5 5.Bg5 Be7 6.e3 O-O 7.Bd3 b6 8.Bxf6 Bxf6 9.Qh5 g6 10.Qxd5 c6 11.Qxd8 Rxd8 12.Nge2 Bb7 13.O-O Bg7 14.Rfd1 Nd7 15.Rac1 Rac8 16.b4 Bf8 17.Rb1 Nf6 18.e4 Rd7 19.Bc4 Rcd8 20.e5 Nd5 21.Nxd5 cxd5 22.Bd3 Rc7 23.a3 a5 24.bxa5 bxa5 25.a4 Bc6 26.Bb5 Ba3 27.Nf4 Bb7 28.h4 Rdc8 29.Be2 Bc6 30.Bb5 Bb7 31.Be2 Bc6 32.Rd3 Bb4 33.Bd1 Bb7 34.Bb3 Rd8 35.Rdd1 Ba3 36.g3 h6 37.e6 g5 38.hxg5 hxg5 39.exf7+ Kxf7 40.Nd3 Ba6 41.Ne5+ Kg7 42.Kg2 Rc3 43.Rh1 Bd6 44.Rhc1 Bb4 45.Ba2 Rd6 46.f4 gxf4 47.gxf4 Kf6 48.Rxc3 Bxc3 49.Nf3 Be2 50.Rc1 Bb2 51.Rc2 Bxf3+ 52.Kxf3 Bxd4 53.Rd2 Bc3 54.Rxd5 Rxd5 55.Bxd5 Bb4 56.Ke4 Bd6

[Event "Final Campeonato de Chile 2009-2010"]
[Site "Club de Ajedrez "]
[Date "2010-02-26"]
[Round "10"]
[White "Páez Medina, Guillermo Alejandro"]
[Black "Mesias Rojas, Rabindranath"]
[Result "1-0"]
[WhiteElo "2086"]
[BlackElo "2168"]

 1.e4 c5 2.Nc3 Nc6 3.Bb5 g6 4.Bxc6 dxc6 5.f4 Bg7 6.Nf3 Bg4 7.O-O Bd4+ 8.Kh1 e6 9.d3 Ne7 10.Qe1 Bxf3 11.Rxf3 Qd7 12.a4 f5 13.a5 Bxc3 14.Qxc3 Qd4 15.Be3 Qxc3 16.bxc3 c4 17.Rb1 fxe4 18.dxe4 O-O-O 19.Bxa7 Rhe8 20.Rh3 h5 21.Bd4 Kb8 22.Rg3 Rf8 23.Rg5 Ka8 24.Bc5 Rf7 25.Re5 Nc8 26.g3 h4 27.Bd4 h3 28.Rxe6 Nd6 29.Bb6 Rdd7 30.e5 Nc8 31.Re8 Kb8 32.e6

[Event "Final Campeonato de Chile 2009-2010"]
[Site "Club de Ajedrez "]
[Date "2010-02-26"]
[Round "10"]
[White "López Silva, Hugo Andres"]
[Black "Romero Araya, Diego Alonso"]
[Result "1-0"]
[WhiteElo "2412"]
[BlackElo "2273"]

 1.e4 c6 2.d4 d5 3.exd5 cxd5 4.c4 Nf6 5.Nc3 e6 6.c5 Be7 7.Nf3 O-O 8.b4 b6 9.Rb1 Ne4 10.Qc2 f5 11.Bd3 a5 12.a3 Bf6 13.Na4 bxc5 14.bxc5 Nc6 15.Bb2 Qc7 16.O-O Rb8 17.Nb6 Bd7 18.Bb5 Be8 19.Qa4 Bh5 20.Qd1 Ne7 21.Be2 Rbd8 22.Qd3 Ng6 23.Bc1 Nf4 24.Bxf4 Qxf4 25.Rbd1 Kh8 26.c6 Be8 27.Rc1 Qc7 28.Qa6 Rb8 29.Na8 Qc8 30.c7 Rxa8 31.Qxa8 Qxa8 32.c8=Q Qa7 33.Qxe6 Bxd4 34.Nxd4 Qxd4 35.Rc8 Nf6 36.Bb5 Qe4 37.Re1

[Event "Final Campeonato de Chile 2009-2010"]
[Site "Club de Ajedrez "]
[Date "2010-02-26"]
[Round "10"]
[White "Valdés Escobar, Álvaro Daniel"]
[Black "Alarcon Bahamondes, Roberto"]
[Result "1-0"]
[WhiteElo "2361"]
[BlackElo "2154"]

 1.e4 c6 2.d4 d5 3.e5 c5 4.dxc5 e6 5.a3 Qc7 6.Nf3 Bxc5 7.b4 Bb6 8.Bb2 a5 9.Nc3 Bd7 10.Nb5 Bxb5 11.Bxb5+ Nc6 12.O-O Ne7 13.c4 axb4 14.axb4 Rxa1 15.Qxa1 O-O 16.c5 Ba7 17.Qa4 Bb8 18.Bd3 f6 19.exf6 gxf6 20.b5 Nd8 21.Qg4+ Kh8 22.b6 Qd7 23.Qh4 Ng8 24.Ng5 Rf7 25.Nxh7 Rxh7 26.Bxh7 Qxh7 27.Bxf6+

[Event "Final Campeonato de Chile 2009-2010"]
[Site "Club de Ajedrez "]
[Date "2010-02-26"]
[Round "10"]
[White "Calvo Salas, Pablo"]
[Black "Carrasco Miranda, Andres"]
[Result "1-0"]
[WhiteElo "2305"]
[BlackElo "2183"]

 1.c4 Nf6 2.e3 g6 3.b3 Bg7 4.Bb2 d6 5.d4 O-O 6.Nf3 c5 7.Be2 a6 8.O-O Nc6 9.Nc3 Bd7 10.Qd2 Rb8 11.Rad1 Qa5 12.dxc5 Qxc5 13.a3 Qb6 14.b4 Rfc8 15.c5 dxc5 16.Na4 Qc7 17.Bxf6 Nd4 18.exd4 Bxa4 19.Bxg7

[Event "Final Campeonato de Chile 2009-2010"]
[Site "Club de Ajedrez "]
[Date "2010-02-26"]
[Round "10"]
[White "García Cardenas, Pablo"]
[Black "Salinas Herrera, Pablo Patricio"]
[Result "1-0"]
[WhiteElo "2324"]
[BlackElo "2207"]

 1.c4 Nf6 2.Nc3 e5 3.Nf3 Nc6 4.g3 Bb4 5.Bg2 O-O 6.O-O e4 7.Ng5 Bxc3 8.bxc3 Re8 9.f3 e3 10.d3 d5 11.Qb3 Na5 12.Qa3 c6 13.cxd5 cxd5 14.f4 Nc6 15.h3 Nh5 16.Kh2 h6 17.Nf3 Qc7 18.Nd4 g5 19.Nb5 Qd8 20.Bf3 Nxg3 21.Kxg3 gxf4+ 22.Kh2 Qh4 23.Qd6 Bxh3 24.Bxe3 Bxf1+ 25.Kg1 fxe3 26.Rxf1 Re6 27.Qh2 Rg6+ 28.Kh1 Qxh2+ 29.Kxh2 Rd8 30.Bh5 Rg5 31.Bxf7+ Kg7 32.Nc7 Re5 33.Ne6+ Rxe6 34.Bxe6 Rd6 35.Bh3 d4 36.cxd4 Nxd4 37.Bg4 Ra6 38.Rf4 Nc2 39.a4 Rc6 40.Bh5 Rc7 41.Kg3 a6 42.a5 Rc5 43.Bf3 Rxa5 44.Bxb7 Ra2 45.Bd5 Rb2 46.Kf3 Nb4 47.Bc4 Nc2 48.Rg4+ Kf6 49.Bxa6 h5 50.Rc4 Ke5 51.Re4+ Kd5 52.Bc4+ Kc5 53.Re5+ Kd4 54.Rd5+ Kc3 55.Rxh5 Kd2 56.Rh2 Rb8 57.Ke4 Re8+ 58.Kd5 Rf8 59.Ke4 Rf2 60.Rh3 Rxe2 61.Bb3 Ne1 62.d4 Nd3 63.Rf3 Rf2 64.Bd1 Rh2 65.Rf1 Nf2+ 66.Kf3 Nxd1 67.Rxd1+ Kxd1 68.Kxe3 Rh4

[Event "Final Campeonato de Chile 2009-2010"]
[Site "Club de Ajedrez "]
[Date "2010-02-26"]
[Round "10"]
[White "Vasquez Schroder, Rodrigo"]
[Black "Egger Mancilla, Jorge Alejandro"]
[Result "1-0"]
[WhiteElo "2506"]
[BlackElo "2443"]

 1.d4 Nf6 2.c4 c6 3.Nf3 d5 4.Nc3 e6 5.Bg5 h6 6.Bxf6 Qxf6 7.e3 Nd7 8.a3 g6 9.Bd3 Bg7 10.O-O O-O 11.Qc2 Qe7 12.b4 a6 13.Rab1 Kh7 14.h4 f5 15.cxd5 cxd5 16.Rfc1 Nb6 17.Na4 Nxa4 18.Qxa4 Bf6 19.Qa5 Rf7 20.g3 Qd8 21.Qa4 Rc7 22.Rxc7+ Qxc7 23.h5 Bd7 24.hxg6+ Kxg6 25.Qd1 Rc8 26.b5 a5 27.Kg2 Qc3 28.a4 Qa3 29.Ng1 Kg7 30.Ne2 Bg5 31.Rc1 Rxc1 32.Nxc1 Qb2 33.Be2 b6 34.Nd3 Qc3 35.g4 Kf7 36.Ne5+ Ke7 37.gxf5 exf5 38.Bd3 Qc8 39.Qb1 Be6 40.Qb2 Bf6 41.Qa3+ Ke8 42.Qd6 Bxe5 43.dxe5 Kf7 44.Qxb6 Qg8+ 45.Kf1 Qg4 46.Qd4